• 首页
  • 本馆介绍
  • 公告通知
  • 最新文献
  • 馆藏检索
  • 电子资源
  • 读者导购
  • 参考咨询
  • 我的图书馆
  • 登录
  • 详细信息显示
  • 放入我的书架
  • 预约/预借图书
  • 作者相关作品
  • 分类相关作品
  • 丛书相关作品
  • 出版社相关作品

书目信息

  • 表格格式
  • 工作单格式
  • 卡片格式
题名:
中小学京剧读本
    
 
作者: 谢国祥 , 刘崎 编写
分册:  
出版信息: 天津   天津教育出版社  1995
页数: 214页
开本: 20cm
丛书名: 中国京剧艺术丛书
单 册:
中图分类: J821 , I232
科图分类:
主题词: 京剧--中小学--课外读物 , 戏剧文学--剧本--中国
电子资源:
ISBN: 7-5309-2333-1
000 00748oam2 2200265 450
001 1553388568
005 20150125145031.26
010    @a7-5309-2333-1@dCNY9.80
100    @a20020827d1995 em y0chiy0110 ea
101 0  @achi
102    @aCN@b120000
105    @aa z 000yy
200 1  @a中小学京剧读本@9zhong xiao xue jing ju du ben@f谢国祥, 刘崎(编写)
210    @a天津@c天津教育出版社@d1995
215    @a214页@d20cm
225 2  @a中国京剧艺术丛书@v2
461  0 @12001 @a中国京剧艺术丛书
606 0  @a京剧@x中小学@j课外读物
606 0  @a戏剧文学@x剧本@x中国
690    @aJ821@v5
690    @aI232@v4
701  0 @a谢国祥@9xie guo xiang@4编写
701  0 @a刘崎@9liu qi@4编写
801  0 @aCN@bTSSF@c20150125
905    @aZUCC@dI232@eJY55
    
    中小学京剧读本/谢国祥, 刘崎(编写).-天津:天津教育出版社,1995
    214页;20cm.-(中国京剧艺术丛书;2)
    
    
    ISBN 7-5309-2333-1:CNY9.80
    
●
相关链接 在E读中查询图书 在五车中查询图书 在当当中查询图书 在豆瓣中查询图书


正题名:中小学京剧读本     索取号:I232/JY55         预约/预借

序号 登录号 条形码 馆藏地/架位号 状态 备注
1 7854657   278546575   学院路分馆/ [索取号:I232/JY55] 在馆    
2 7854658   278546584   学院路分馆/ [索取号:I232/JY55] 在馆    
3 7854659   278546593   学院路分馆/ [索取号:I232/JY55] 在馆    
4 7854660   278546600   学院路分馆/ [索取号:I232/JY55] 在馆    
唐山师范学院图书馆 欢迎您!
大连网信软件有限公司© 版权所有